Prueba de Vocabulario - Estadísticas

Estadísticas generales
  • Esta prueba ha sido intentada 2.649 veces
  • La puntuación promedio es 9 de 15
Estadísticas de respuestas
Pregunta Respuesta % Correcto
Raquítico Muy delgado y débil
88%
Rimbombante Ostentoso, llamativo
88%
Nimiedad Pequeñez, insignificancia
83%
Exacerbar Exagerar, agravar, intensificar
78%
Taciturna Retraída, callada, reservada
75%
Juglar Trovador, poeta, bardo
75%
Aquelarre Reunión de brujos
68%
Letargo Somnolencia, falta de energía
65%
Díscolo Desobediente, rebelde
63%
Loable Digno de alabanza
61%
Zozobra Preocupación, inquietud, congoja
53%
Cándido Ingenuo, crédulo
45%
Ignominia Vergüenza pública, deshonor
40%
Telúrico Perteneciente o relativo a la Tierra como planeta
30%
Xantofobia Miedo irracional al color amarillo
25%
No se encontraron pruebas coincidentes
Distribución de puntuación
Porcentaje de gente con cada puntuación
Porcentaje por número respondido
Historial de tus puntuaciones
No has intentado esta prueba.